000 01007cam a2200133 4500500
005 20260405032056.0
041 _afre
042 _adc
100 1 0 _aPérennec, Marcel
_eauthor
245 0 0 _aEléments de traduction comparée : Français-Allemand
260 _bArmand Colin,
_c2021.
520 _aCe manuel propose une approche linguistique et systématique de certains problèmes de traduction. Partant du principe que toute traduction doit être précédée de l'interprétation du texte-source, il fournit les éléments d'analyse nécessaires à cette interprétation. Il met l'accent prioritairement sur les traductions par changements structuraux, dans le groupe verbal comme dans le groupe nominal. Chaque point abordé est illustré par de nombreux exemples extraits de corpus littéraires ou journalistiques et fait l'objet d'exercices d'application avec corrigés.
856 4 1 _uhttps://shs.cairn.info/elements-de-traduction-comparee--9782200629366?lang=fr&redirect-ssocas=7080
999 _c2152046
_d2152047